000 00537cam a2200157 4500500
005 20260405004350.0
041 _afre
042 _adc
100 1 0 _aDraye, Micheline
_eauthor
700 1 0 _aDuwald, Romain
_eauthor
245 0 0 _aRecycling of Waste Electrical and Electronic Equipment (WEEE)
260 _c2026.
500 _a10
786 0 _nGreen chemistry | - | 2026-03-05 | p. 11-11
856 4 1 _uhttps://stm.cairn.info/sustainable-management-of-waste-and-pollutants--bdti42495210-m7070-page-9?lang=en&redirect-ssocas=7080
999 _c2076176
_d2076176